000 00882nam a22002297a 4500
005 20170919020003.0
008 040304s2005 ck a fr 000-0 spa d
020 _a9583369691
040 _aCO-BoIAVH
_cCO-BoIAVH
041 _aspa
044 _ack
082 0 4 _a578.0752
_bC755c
245 0 0 _aCuidado, manejo y conservación de las colecciones biológicas
_ceditado por John E. Simmons y Yaneth Muñoz-Saba
260 _aBogotá
_bUniversidad Nacional de Colombia
_c2005
300 _a287 p.
_bil., fotos
_c19 cm.
490 _aManuales de Campo
650 1 7 _aMuseos de ciencias
_xColecciones
_xMantenimiento y conservación
_vManuales
_932164
650 1 7 _aMuseos de historia natural
_xColecciones
_xMantenimiento y conservación
_vManuales
_932165
700 1 _aSimmons, John E.
_eed.
_932166
700 1 _aMuñoz-Saba, Yaneth del Socorro
_d1969-
_eed.
_932167
942 _2ddc
_cLIBRO
_06
999 _c7552
_d7552